| 000 | 00411nam a22001697a 4500 | ||
|---|---|---|---|
| 005 | 20160524142533.0 | ||
| 008 | 160524b xxu||||| |||| 00| 0 eng d | ||
| 020 | _a981-240-233-0 | ||
| 041 | _aeng | ||
| 082 | _b4632 | ||
| 100 |
_aHill, Michael A and Others _91153 |
||
| 245 | _aStrategic Management | ||
| 260 |
_aNew Delhi _bAcademic Faundation |
||
| 300 | _a668 | ||
| 650 |
_aManagement _9241 |
||
| 942 | _cBK | ||
| 999 |
_c1568 _d1567 |
||